000
00283nam a22001217a 4500
003
OSt
008
250207b |||||||| |||| 00| 0 eng d
041
_a
eng
100
_a
Mathur, ML
_9
7084
245
_a
Course in Internal Combustion Engines
700
_a
Sharma, RP
_9
7085
942
_c
BK
999
_c
19329
_d
19329